The fluffer /

Guardat en:
Dades bibliogràfiques
Altres autors: Westmoreland, Wash, Gurney, Scott, Cunio, Michael, Day, Roxanne
Format: Diapositiva
Idioma:italià
Publicat: [Milano] : e.MIK, 2002
Col·lecció:Alternative video
Etiquetes: Afegir etiqueta
Sense etiquetes, Sigues el primer a etiquetar aquest registre!

MARC

LEADER 00000ngm a22000007i 4500
001 IT\ICCU\UBO\3381942
003 ItRI
005 20260124182912.0
008 080227s2002 it |||||||||||||||k|||||c
028 4 2 |a PNN5004 
040 |b ita 
041 7 |a ita  |2 ISO-639-2 
130 4 |a The fluffer <film ; 2001>  |3 IT\ICCU\UBO\3382401 
245 0 4 |a The fluffer /  |c un film di Richard Glatzer e Wash West. 
260 |a [Milano] :  |b e.MIK,  |c 2002 
300 |a 1 videocassetta (VHS) (95 min.) :  |b color., son. (stereo, Dolby surround) 
500 |a Tit. del contenitore 
500 |a Film del 2001, prod. USA; interpreti: Scott Gurney, Michael Cunio, Roxanne Day ... [et al.] 
500 |a Vietato ai minori di 18 anni. 
700 1 |a Westmoreland, Wash  |0 IT\ICCU\UBOV\169111 
700 1 |a Gurney, Scott  |0 IT\ICCU\UBOV\226222 
700 1 |a Cunio, Michael  |0 IT\ICCU\UBOV\226223 
700 1 |a Day, Roxanne  |0 IT\ICCU\UBOV\226224 
830 0 |a Alternative video  |0 IT\ICCU\UBO\3381963 
942 |2 ddc  |c VM  |n 0 
952 |0 0  |1 0  |4 0  |6 VO_1559_000000000000000  |7 0  |9 27806  |a BO  |b BO  |d 2026-01-24  |i 11750  |l 0  |o VO 1559  |p BO11750  |r 2026-01-24 18:29:12  |w 2026-01-24  |x [Sebina 5] [1 videocassetta]  |y VM  |z 1 videocassetta 
999 |c 23570  |d 23570